00543nam a2200181Ia 450000500170000000800410001704000190005804100120007708200160008910000240010524500710012926000440020030000110024450400290025565000180028470000490030285000100035120230103115600.0131103s9999 xx 000 0 und d aLoreto College aEnglish a822.09bLYM aScott, Stanford M.  4aThe drama of social realitycStanford M. Scott and Marvin B. Scott aNew YorkbOxford University Pressc1975 a180p.  aIncludes notes and index aEnglish drama aScott, Marvin B. The Drama of social reality aLCLIB